000 00707nam a2200229Ia 4500
003 OSt
005 20220925232519.0
006 a|||||r|||| 00| 0
007 ta
008 220923b |||||||| |||| 00| 0 eng d
020 _a9788179927663
_c250.75
037 _b/ B B S/ 30, 28/07/2008, Better Book Service
_cGeneral Book
040 _aRTL
_cRTL
_beng
041 _2eng
_aeng
082 _aX: 51:(R4), P7
100 _aHOROWITZ Shel
_9297387
245 0 _aEthics in marketing
260 _aMumbai
_bJaico Pubs.
_c2007
300 _axvi,160p
_ccm.
942 _hX: 51:(R4), P7
_cGB
_2CC
999 _c591520
_d591520